Shogun Episodes - Statistics

General Stats
  • This quiz has been taken 13 times
  • The average score is 4 of 10
Answer Stats
Hint Answer % Correct
S01E01 Anjin
82%
S01E09 Crimson Sky
82%
S01E10 A Dream of a Dream
45%
S01E04 The Eightfold Fence
45%
S01E06 Ladies of the Willow World
36%
S01E02 Servants of Two Masters
36%
S01E03 Tomorrow Is Tomorrow
36%
S01E07 A Stick of Time
27%
S01E05 Broken to the Fist
27%
S01E08 The Abyss of Life
27%
No matching quizzes found
Score Distribution
Percent of People with Each Score
Percentile by Number Answered
Your Score History
You have not taken this quiz